=LDR 00000nam 2200000 4500 =001 NUTBA000000000002509 =005 20140618115235.0 =006 =007 =008 =020 ##$$a 979-002-390-1 =035 ##$$a 0010-061400000000452 =040 ##$$a NBPDMAT =082 ##$$a 639.34 =090 ##$$a 639.34 $b Tim a =100 ##$$a Tim Penulis PS =245 ##$$a Arwana : $b Panduan untuk hobi dan bisnis / $c Tim Penulis PS =250 ##$$a Cet.1 =260 ##$$a Jakarta : $b Penebar Swadaya, $c 2009 =300 ##$$a iv, 212 hlm. $b ilus. ; $c 22 cm. =500 ##$$a Bibliografi : hlm. 208 - 209 =650 ##$$a Arwana - Ikan Hias =850 ##$$a NBPDMAT =990 ##$$a 21403247 =990 ##$$a 0001/BPAP-NTB/20142014